<?xml version="1.0" encoding="UTF-8"?>
<marc:record xmlns:marc="http://www.loc.gov/MARC21/slim">
   <marc:leader>00000nam a2200000 a 4500</marc:leader>
   <marc:datafield ind1="1" ind2=" " tag="100">
      <marc:subfield code="a">Trettl, Roland</marc:subfield>
      <marc:subfield code="4">aut</marc:subfield>
      <marc:subfield code="e">Verfasser/-in</marc:subfield>
   </marc:datafield>
   <marc:datafield ind1="1" ind2=" " tag="100">
      <marc:subfield code="a">Seiler, Christian</marc:subfield>
      <marc:subfield code="4">aut</marc:subfield>
      <marc:subfield code="e">Verfasser/-in</marc:subfield>
   </marc:datafield>
   <marc:datafield ind1="0" ind2="0" tag="245">
      <marc:subfield code="a">Serviert</marc:subfield>
   </marc:datafield>
   <marc:datafield ind1="0" ind2="0" tag="245">
      <marc:subfield code="b">die Wahrheit über die besten Köche der Welt : ein Insider berichtet</marc:subfield>
   </marc:datafield>
   <marc:datafield ind1="0" ind2="0" tag="245">
      <marc:subfield code="c">Roland Trettl ; Christian Seiler</marc:subfield>
   </marc:datafield>
   <marc:datafield ind1=" " ind2="1" tag="264">
      <marc:subfield code="a">München</marc:subfield>
      <marc:subfield code="b">ZS</marc:subfield>
      <marc:subfield code="c">2015</marc:subfield>
   </marc:datafield>
   <marc:datafield ind1=" " ind2=" " tag="250">
      <marc:subfield code="a">Zweite Auflage</marc:subfield>
   </marc:datafield>
   <marc:datafield ind1="1" ind2=" " tag="520">
      <marc:subfield code="a">Der Südtiroler Sternekoch Roland Trettl eröffnet den Blick hinter die Kulissen der Spitzengastronomie. Dabei nimmt er kein Blatt vor den Mund und zeigt, wie und was internationale Spitzenköche denken, kochen und anrichten. Er sagt seine Meinung über Machenschaften, über Selbstmarketing, über Frauen in der Spitzengastronomie - und das kompetent, klug und immer amüsant. In dem Buch eines Kochs dürfen Rezepte nicht fehlen: Roland Trettl verrät seine 10 Lieblingsrezepte, die er aus mehr als 100 der besten Küchen herausgepickt hat. Eine Streitschrift mit Lese- und Genussfreude.</marc:subfield>
   </marc:datafield>
   <marc:datafield ind1=" " ind2=" " tag="020">
      <marc:subfield code="a">9783898834933</marc:subfield>
      <marc:subfield code="9">9783898834933</marc:subfield>
   </marc:datafield>
   <marc:datafield ind1=" " ind2=" " tag="020">
      <marc:subfield code="a">389883493X</marc:subfield>
      <marc:subfield code="9">389883493X</marc:subfield>
   </marc:datafield>
   <marc:datafield ind1=" " ind2=" " tag="300">
      <marc:subfield code="a">238 Seiten: Ill.</marc:subfield>
   </marc:datafield>
</marc:record>
